Normal view
MARC view
- Mellichamp, Duncan A
Entry Personal Name
001 - CONTROL NUMBER
- control field: 107872
003 - CONTROL NUMBER IDENTIFIER
- control field: NUST
005 - DATE AND TIME OF LATEST TRANSACTION
- control field: 20230127115744.0
008 - FIXED-LENGTH DATA ELEMENTS
- fixed length control field: 230127|| aca||aabn | a|a d
040 ## - CATALOGING SOURCE
- Original cataloging agency: NUST
- Transcribing agency: NUST
100 ## - HEADING--PERSONAL NAME
- Personal name: Mellichamp, Duncan A
670 ## - SOURCE DATA FOUND
- Source citation: Work cat.: (NUST)186001: Seborg, Dale E. 86227, Process dynamics and control / , c1989.
